Henrik Ibsen - Tiểu sử tóm tắt = Henrik Ibsen - A short biography

Na minha lista:
Detalhes bibliográficos
Autor principal: Ibsen, Henrik
Formato: Livro
Idioma:Undetermined
Publicado em: Hà Nội Thế giới 2006
Assuntos:
Tags: Adicionar Tag
Sem tags, seja o primeiro a adicionar uma tag!
Thư viện lưu trữ: Trung tâm Học liệu Trường Đại học Cần Thơ
LEADER 00567nam a2200205Ia 4500
001 CTU_103384
008 210402s9999 xx 000 0 und d
082 |a 839.82 
082 |b I.14 
100 |a Ibsen, Henrik 
245 0 |a Henrik Ibsen - Tiểu sử tóm tắt = 
245 0 |b Henrik Ibsen - A short biography 
245 0 |c Henrik Ibsen 
260 |a Hà Nội 
260 |b Thế giới 
260 |c 2006 
650 |a Norwegian fiction 
650 |y 19th century 
904 |i Truc 
980 |a Trung tâm Học liệu Trường Đại học Cần Thơ